<?xml version="1.0" encoding="UTF-8"?>
<record
    xmlns:xsi="http://www.w3.org/2001/XMLSchema-instance"
    xsi:schemaLocation="http://www.loc.gov/MARC21/slim http://www.loc.gov/standards/marcxml/schema/MARC21slim.xsd"
    xmlns="http://www.loc.gov/MARC21/slim">

  <leader>02093nam a2200457Ia 4500</leader>
  <controlfield tag="005">20150415114714.0</controlfield>
  <datafield tag="010" ind1=" " ind2=" ">
    <subfield code="a">BAC-EN21     ENG-111891</subfield>
  </datafield>
  <datafield tag="020" ind1=" " ind2=" ">
    <subfield code="a">9788126525515</subfield>
    <subfield code="c">699.00</subfield>
  </datafield>
  <datafield tag="035" ind1=" " ind2=" ">
    <subfield code="a">EN-95423</subfield>
  </datafield>
  <datafield tag="035" ind1=" " ind2=" ">
    <subfield code="a">B-584935-954</subfield>
  </datafield>
  <datafield tag="037" ind1=" " ind2=" ">
    <subfield code="b">Asian Book Centre/Ven</subfield>
    <subfield code="a">dpl</subfield>
  </datafield>
  <datafield tag="037" ind1=" " ind2=" ">
    <subfield code="b">DBAD/PUB</subfield>
  </datafield>
  <datafield tag="082" ind1=" " ind2=" ">
    <subfield code="a">005.72</subfield>
  </datafield>
  <datafield tag="100" ind1=" " ind2=" ">
    <subfield code="a">Duckett, Jon</subfield>
  </datafield>
  <datafield tag="245" ind1=" " ind2=" ">
    <subfield code="a">Begnning HTML, XHTML, CSS and JavaScript /</subfield>
    <subfield code="c">by Jon Duckett</subfield>
  </datafield>
  <datafield tag="246" ind1=" " ind2=" ">
    <subfield code="a"> HTML, XHTML, CSS, and JavaScript</subfield>
  </datafield>
  <datafield tag="260" ind1=" " ind2=" ">
    <subfield code="c">2014(repr.)</subfield>
    <subfield code="a">New Delhi</subfield>
    <subfield code="b">John Wiley </subfield>
  </datafield>
  <datafield tag="270" ind1=" " ind2=" ">
    <subfield code="a">4435-36/7, Ansari Road, Daryaganj</subfield>
    <subfield code="b">New Delhi</subfield>
    <subfield code="e">110002</subfield>
  </datafield>
  <datafield tag="300" ind1=" " ind2=" ">
    <subfield code="c">24cm(pbk)</subfield>
    <subfield code="a">xxvi,834p. :</subfield>
    <subfield code="b">ill.</subfield>
  </datafield>
  <datafield tag="500" ind1=" " ind2=" ">
    <subfield code="a"> "Programmer to programmer."</subfield>
  </datafield>
  <datafield tag="500" ind1=" " ind2=" ">
    <subfield code="a">Includes index</subfield>
  </datafield>
  <datafield tag="505" ind1=" " ind2=" ">
    <subfield code="a"> Chapter 1: Structuring Documents for the Web -- Chapter 2: Links and Navigation -- Chapter 3: Images, Audio, and Video -- Chapter 4: Tables -- Chapter 5: Forms -- Chapter 6: Frames -- Chapter 7: Cascading Style Sheets -- Chapter 8: More Cascading Style Sheets -- Chapter 9: Page Layout -- Chapter 10: Design Issues -- Chapter 11: Learning JavaScript -- Chapter 12: Working with JavaScript -- Chapter 13: Putting Your Site on the Web -- Chapter 14: Checklists.</subfield>
  </datafield>
  <datafield tag="520" ind1=" " ind2=" ">
    <subfield code="a"> Provides instructions on creating a basic Web page and includes information on enhancing the site by using CSS, JavaScript, and XHTML.</subfield>
  </datafield>
  <datafield tag="650" ind1=" " ind2=" ">
    <subfield code="a"> Web site development.</subfield>
  </datafield>
  <datafield tag="650" ind1=" " ind2=" ">
    <subfield code="a"> XHTML (Document markup language)</subfield>
  </datafield>
  <datafield tag="650" ind1=" " ind2=" ">
    <subfield code="a">Cascading style sheets.</subfield>
  </datafield>
  <datafield tag="650" ind1=" " ind2=" ">
    <subfield code="a"> JavaScript (Computer program language)</subfield>
  </datafield>
  <datafield tag="650" ind1=" " ind2=" ">
    <subfield code="a">HTML (Document markup language) </subfield>
  </datafield>
  <datafield tag="650" ind1=" " ind2=" ">
    <subfield code="a"> XHTML (Document markup language) </subfield>
  </datafield>
  <datafield tag="650" ind1=" " ind2=" ">
    <subfield code="a"> Cascading style sheets</subfield>
  </datafield>
  <datafield tag="650" ind1=" " ind2=" ">
    <subfield code="a"> JavaScript (Computer language)</subfield>
  </datafield>
  <datafield tag="650" ind1=" " ind2=" ">
    <subfield code="a"> Internet software.</subfield>
  </datafield>
  <datafield tag="650" ind1=" " ind2=" ">
    <subfield code="a"> Web sites</subfield>
    <subfield code="x">Design.</subfield>
  </datafield>
  <datafield tag="650" ind1=" " ind2=" ">
    <subfield code="a"> Cascading Style Sheets</subfield>
  </datafield>
  <datafield tag="650" ind1=" " ind2=" ">
    <subfield code="a">HTML</subfield>
  </datafield>
  <datafield tag="650" ind1=" " ind2=" ">
    <subfield code="a">JavaScript</subfield>
  </datafield>
  <datafield tag="650" ind1=" " ind2=" ">
    <subfield code="a">Programming</subfield>
  </datafield>
  <datafield tag="650" ind1=" " ind2=" ">
    <subfield code="a">XHTML</subfield>
  </datafield>
  <datafield tag="942" ind1=" " ind2=" ">
    <subfield code="c">EN</subfield>
    <subfield code="2">ddc</subfield>
    <subfield code="m">DUC</subfield>
    <subfield code="h">005.72</subfield>
  </datafield>
  <datafield tag="999" ind1=" " ind2=" ">
    <subfield code="c">88037</subfield>
    <subfield code="d">88037</subfield>
  </datafield>
  <datafield tag="952" ind1=" " ind2=" ">
    <subfield code="0">0</subfield>
    <subfield code="1">0</subfield>
    <subfield code="4">0</subfield>
    <subfield code="7">1</subfield>
    <subfield code="8">NFIC</subfield>
    <subfield code="a">DBAD</subfield>
    <subfield code="b">DBAD</subfield>
    <subfield code="d">2015-01-30</subfield>
    <subfield code="e">DBAD/PUB</subfield>
    <subfield code="g">699.00</subfield>
    <subfield code="l">0</subfield>
    <subfield code="o">005.72 DUC</subfield>
    <subfield code="p">EN-95423</subfield>
    <subfield code="r">2015-01-30 00:00:00</subfield>
    <subfield code="t">1</subfield>
    <subfield code="v">699.00</subfield>
    <subfield code="y">EN</subfield>
  </datafield>
  <datafield tag="952" ind1=" " ind2=" ">
    <subfield code="0">0</subfield>
    <subfield code="1">0</subfield>
    <subfield code="4">0</subfield>
    <subfield code="7">0</subfield>
    <subfield code="8">NFIC</subfield>
    <subfield code="a">L</subfield>
    <subfield code="b">L</subfield>
    <subfield code="d">2015-04-15</subfield>
    <subfield code="e">ABC/IN4457/13.12.2014/168/08.12.2014/30.12.2014</subfield>
    <subfield code="g">699.00</subfield>
    <subfield code="l">17</subfield>
    <subfield code="m">22</subfield>
    <subfield code="o">005.72 DUC</subfield>
    <subfield code="p">B-584935</subfield>
    <subfield code="r">2024-08-28 00:00:00</subfield>
    <subfield code="s">2024-06-27</subfield>
    <subfield code="t">1</subfield>
    <subfield code="v">699.00</subfield>
    <subfield code="y">EN</subfield>
  </datafield>
  <datafield tag="952" ind1=" " ind2=" ">
    <subfield code="0">0</subfield>
    <subfield code="1">0</subfield>
    <subfield code="4">0</subfield>
    <subfield code="7">1</subfield>
    <subfield code="8">REF</subfield>
    <subfield code="a">L</subfield>
    <subfield code="b">L</subfield>
    <subfield code="d">2015-04-15</subfield>
    <subfield code="e">ABC/IN4457/13.12.2014/168/08.12.2014/30.12.2014</subfield>
    <subfield code="g">699.00</subfield>
    <subfield code="l">0</subfield>
    <subfield code="o">005.72 DUC</subfield>
    <subfield code="p">B-584936</subfield>
    <subfield code="r">2015-04-15 00:00:00</subfield>
    <subfield code="t">1</subfield>
    <subfield code="v">699.00</subfield>
    <subfield code="y">EN</subfield>
  </datafield>
  <datafield tag="952" ind1=" " ind2=" ">
    <subfield code="0">0</subfield>
    <subfield code="1">0</subfield>
    <subfield code="4">0</subfield>
    <subfield code="7">0</subfield>
    <subfield code="8">NFIC</subfield>
    <subfield code="a">NPL</subfield>
    <subfield code="b">NPL</subfield>
    <subfield code="d">2015-04-15</subfield>
    <subfield code="e">ABC/IN4457/13.12.2014/168/08.12.2014/30.12.2014</subfield>
    <subfield code="g">699.00</subfield>
    <subfield code="l">1</subfield>
    <subfield code="o">005.72 DUC</subfield>
    <subfield code="p">B-584937</subfield>
    <subfield code="r">2023-07-11 00:00:00</subfield>
    <subfield code="s">2023-07-11</subfield>
    <subfield code="t">1</subfield>
    <subfield code="v">699.00</subfield>
    <subfield code="y">EN</subfield>
  </datafield>
  <datafield tag="952" ind1=" " ind2=" ">
    <subfield code="0">1</subfield>
    <subfield code="1">0</subfield>
    <subfield code="4">0</subfield>
    <subfield code="7">0</subfield>
    <subfield code="8">NFIC</subfield>
    <subfield code="a">BL1</subfield>
    <subfield code="b">BL1</subfield>
    <subfield code="d">2015-04-15</subfield>
    <subfield code="e">ABC/IN4457/13.12.2014/168/08.12.2014/30.12.2014</subfield>
    <subfield code="g">699.00</subfield>
    <subfield code="l">1</subfield>
    <subfield code="m">1</subfield>
    <subfield code="o">005.72 DUC</subfield>
    <subfield code="p">B-584938</subfield>
    <subfield code="r">2018-09-20 00:00:00</subfield>
    <subfield code="s">2018-08-21</subfield>
    <subfield code="t">1</subfield>
    <subfield code="v">699.00</subfield>
    <subfield code="y">EN</subfield>
  </datafield>
  <datafield tag="952" ind1=" " ind2=" ">
    <subfield code="0">0</subfield>
    <subfield code="1">0</subfield>
    <subfield code="4">0</subfield>
    <subfield code="7">0</subfield>
    <subfield code="8">NFIC</subfield>
    <subfield code="a">VP</subfield>
    <subfield code="b">VP</subfield>
    <subfield code="d">2015-04-15</subfield>
    <subfield code="e">ABC/IN4457/13.12.2014/168/08.12.2014/30.12.2014</subfield>
    <subfield code="g">699.00</subfield>
    <subfield code="l">2</subfield>
    <subfield code="o">005.72 DUC</subfield>
    <subfield code="p">B-584939</subfield>
    <subfield code="r">2025-04-11 00:00:00</subfield>
    <subfield code="s">2025-03-28</subfield>
    <subfield code="t">1</subfield>
    <subfield code="v">699.00</subfield>
    <subfield code="y">EN</subfield>
  </datafield>
  <datafield tag="952" ind1=" " ind2=" ">
    <subfield code="0">0</subfield>
    <subfield code="1">0</subfield>
    <subfield code="4">0</subfield>
    <subfield code="7">0</subfield>
    <subfield code="8">NFIC</subfield>
    <subfield code="a">PR</subfield>
    <subfield code="b">PR</subfield>
    <subfield code="d">2015-04-15</subfield>
    <subfield code="e">ABC/IN4457/13.12.2014/168/08.12.2014/30.12.2014</subfield>
    <subfield code="g">699.00</subfield>
    <subfield code="l">5</subfield>
    <subfield code="o">005.72 DUC</subfield>
    <subfield code="p">B-584940</subfield>
    <subfield code="r">2021-12-23 00:00:00</subfield>
    <subfield code="s">2021-12-18</subfield>
    <subfield code="t">1</subfield>
    <subfield code="v">699.00</subfield>
    <subfield code="y">EN</subfield>
  </datafield>
  <datafield tag="952" ind1=" " ind2=" ">
    <subfield code="0">0</subfield>
    <subfield code="1">0</subfield>
    <subfield code="4">0</subfield>
    <subfield code="7">0</subfield>
    <subfield code="8">NFIC</subfield>
    <subfield code="a">TN</subfield>
    <subfield code="b">TN</subfield>
    <subfield code="d">2015-04-15</subfield>
    <subfield code="e">ABC/IN4457/13.12.2014/168/08.12.2014/30.12.2014</subfield>
    <subfield code="g">699.00</subfield>
    <subfield code="l">12</subfield>
    <subfield code="m">4</subfield>
    <subfield code="o">005.72 DUC</subfield>
    <subfield code="p">B-584941</subfield>
    <subfield code="r">2024-06-04 00:00:00</subfield>
    <subfield code="s">2024-05-21</subfield>
    <subfield code="t">1</subfield>
    <subfield code="v">699.00</subfield>
    <subfield code="y">EN</subfield>
  </datafield>
  <datafield tag="952" ind1=" " ind2=" ">
    <subfield code="0">0</subfield>
    <subfield code="1">0</subfield>
    <subfield code="4">0</subfield>
    <subfield code="7">0</subfield>
    <subfield code="8">NFIC</subfield>
    <subfield code="a">CJ</subfield>
    <subfield code="b">CJ</subfield>
    <subfield code="d">2015-04-15</subfield>
    <subfield code="e">ABC/IN4457/13.12.2014/168/08.12.2014/30.12.2014</subfield>
    <subfield code="g">699.00</subfield>
    <subfield code="l">3</subfield>
    <subfield code="m">3</subfield>
    <subfield code="o">005.72 DUC</subfield>
    <subfield code="p">B-584942</subfield>
    <subfield code="r">2022-02-19 00:00:00</subfield>
    <subfield code="s">2022-01-31</subfield>
    <subfield code="t">1</subfield>
    <subfield code="v">699.00</subfield>
    <subfield code="y">EN</subfield>
  </datafield>
  <datafield tag="952" ind1=" " ind2=" ">
    <subfield code="0">0</subfield>
    <subfield code="1">0</subfield>
    <subfield code="4">0</subfield>
    <subfield code="7">0</subfield>
    <subfield code="8">NFIC</subfield>
    <subfield code="a">DIZ</subfield>
    <subfield code="b">DIZ</subfield>
    <subfield code="d">2015-04-15</subfield>
    <subfield code="e">ABC/IN4457/13.12.2014/168/08.12.2014/30.12.2014</subfield>
    <subfield code="g">699.00</subfield>
    <subfield code="l">0</subfield>
    <subfield code="o">005.72 DUC</subfield>
    <subfield code="p">B-584943</subfield>
    <subfield code="r">2015-04-15 00:00:00</subfield>
    <subfield code="t">1</subfield>
    <subfield code="v">699.00</subfield>
    <subfield code="y">EN</subfield>
  </datafield>
  <datafield tag="952" ind1=" " ind2=" ">
    <subfield code="0">0</subfield>
    <subfield code="1">0</subfield>
    <subfield code="4">0</subfield>
    <subfield code="7">0</subfield>
    <subfield code="8">NFIC</subfield>
    <subfield code="a">JP</subfield>
    <subfield code="b">JP</subfield>
    <subfield code="d">2015-04-15</subfield>
    <subfield code="e">ABC/IN4457/13.12.2014/168/08.12.2014/30.12.2014</subfield>
    <subfield code="g">699.00</subfield>
    <subfield code="l">64</subfield>
    <subfield code="m">20</subfield>
    <subfield code="o">005.72 DUC</subfield>
    <subfield code="p">B-584944</subfield>
    <subfield code="r">2024-02-26 00:00:00</subfield>
    <subfield code="s">2024-02-12</subfield>
    <subfield code="t">1</subfield>
    <subfield code="v">699.00</subfield>
    <subfield code="y">EN</subfield>
  </datafield>
  <datafield tag="952" ind1=" " ind2=" ">
    <subfield code="0">0</subfield>
    <subfield code="1">0</subfield>
    <subfield code="4">0</subfield>
    <subfield code="7">0</subfield>
    <subfield code="8">NFIC</subfield>
    <subfield code="a">ZLS</subfield>
    <subfield code="b">ZLS</subfield>
    <subfield code="d">2015-04-15</subfield>
    <subfield code="e">ABC/IN4457/13.12.2014/168/08.12.2014/30.12.2014</subfield>
    <subfield code="g">699.00</subfield>
    <subfield code="l">18</subfield>
    <subfield code="m">11</subfield>
    <subfield code="o">005.72 DUC</subfield>
    <subfield code="p">B-584945</subfield>
    <subfield code="r">2024-09-10 00:00:00</subfield>
    <subfield code="s">2024-07-24</subfield>
    <subfield code="t">1</subfield>
    <subfield code="v">699.00</subfield>
    <subfield code="y">EN</subfield>
  </datafield>
  <datafield tag="952" ind1=" " ind2=" ">
    <subfield code="0">0</subfield>
    <subfield code="1">0</subfield>
    <subfield code="4">0</subfield>
    <subfield code="7">0</subfield>
    <subfield code="8">NFIC</subfield>
    <subfield code="a">AG</subfield>
    <subfield code="b">AG</subfield>
    <subfield code="d">2015-04-15</subfield>
    <subfield code="e">ABC/IN4457/13.12.2014/168/08.12.2014/30.12.2014</subfield>
    <subfield code="g">699.00</subfield>
    <subfield code="l">8</subfield>
    <subfield code="m">1</subfield>
    <subfield code="o">005.72 DUC</subfield>
    <subfield code="p">B-584946</subfield>
    <subfield code="r">2021-06-22 00:00:00</subfield>
    <subfield code="s">2021-04-15</subfield>
    <subfield code="t">1</subfield>
    <subfield code="v">699.00</subfield>
    <subfield code="y">EN</subfield>
  </datafield>
  <datafield tag="952" ind1=" " ind2=" ">
    <subfield code="0">0</subfield>
    <subfield code="1">0</subfield>
    <subfield code="4">0</subfield>
    <subfield code="7">0</subfield>
    <subfield code="8">NFIC</subfield>
    <subfield code="a">RC</subfield>
    <subfield code="b">RC</subfield>
    <subfield code="d">2015-04-15</subfield>
    <subfield code="e">ABC/IN4457/13.12.2014/168/08.12.2014/30.12.2014</subfield>
    <subfield code="g">699.00</subfield>
    <subfield code="l">13</subfield>
    <subfield code="m">6</subfield>
    <subfield code="o">005.72 DUC</subfield>
    <subfield code="p">B-584947</subfield>
    <subfield code="r">2023-10-27 00:00:00</subfield>
    <subfield code="s">2023-09-01</subfield>
    <subfield code="t">1</subfield>
    <subfield code="v">699.00</subfield>
    <subfield code="y">EN</subfield>
  </datafield>
  <datafield tag="952" ind1=" " ind2=" ">
    <subfield code="0">0</subfield>
    <subfield code="1">0</subfield>
    <subfield code="4">0</subfield>
    <subfield code="7">0</subfield>
    <subfield code="8">NFIC</subfield>
    <subfield code="a">ZLS</subfield>
    <subfield code="b">ZLS</subfield>
    <subfield code="d">2015-04-15</subfield>
    <subfield code="e">ABC/IN4457/13.12.2014/168/08.12.2014/30.12.2014</subfield>
    <subfield code="g">699.00</subfield>
    <subfield code="l">16</subfield>
    <subfield code="m">9</subfield>
    <subfield code="o">005.72 DUC</subfield>
    <subfield code="p">B584948</subfield>
    <subfield code="r">2026-03-17 00:00:00</subfield>
    <subfield code="s">2026-02-11</subfield>
    <subfield code="t">1</subfield>
    <subfield code="v">699.00</subfield>
    <subfield code="y">EN</subfield>
  </datafield>
  <datafield tag="952" ind1=" " ind2=" ">
    <subfield code="0">0</subfield>
    <subfield code="1">0</subfield>
    <subfield code="4">0</subfield>
    <subfield code="7">0</subfield>
    <subfield code="8">NFIC</subfield>
    <subfield code="a">VP</subfield>
    <subfield code="b">VP</subfield>
    <subfield code="d">2015-04-15</subfield>
    <subfield code="e">ABC/IN4457/13.12.2014/168/08.12.2014/30.12.2014</subfield>
    <subfield code="g">699.00</subfield>
    <subfield code="l">25</subfield>
    <subfield code="m">18</subfield>
    <subfield code="o">005.72 DUC</subfield>
    <subfield code="p">B-584949</subfield>
    <subfield code="r">2024-07-12 00:00:00</subfield>
    <subfield code="s">2021-07-08</subfield>
    <subfield code="t">1</subfield>
    <subfield code="v">699.00</subfield>
    <subfield code="y">EN</subfield>
  </datafield>
  <datafield tag="952" ind1=" " ind2=" ">
    <subfield code="0">0</subfield>
    <subfield code="1">0</subfield>
    <subfield code="4">0</subfield>
    <subfield code="7">0</subfield>
    <subfield code="8">NFIC</subfield>
    <subfield code="a">BN</subfield>
    <subfield code="b">BN</subfield>
    <subfield code="d">2015-04-15</subfield>
    <subfield code="e">ABC/IN4457/13.12.2014/168/08.12.2014/30.12.2014</subfield>
    <subfield code="g">699.00</subfield>
    <subfield code="l">9</subfield>
    <subfield code="m">3</subfield>
    <subfield code="o">005.72 DUC</subfield>
    <subfield code="p">B-584950</subfield>
    <subfield code="r">2025-05-05 00:00:00</subfield>
    <subfield code="s">2025-04-21</subfield>
    <subfield code="t">1</subfield>
    <subfield code="v">699.00</subfield>
    <subfield code="y">EN</subfield>
  </datafield>
  <datafield tag="952" ind1=" " ind2=" ">
    <subfield code="0">0</subfield>
    <subfield code="1">5</subfield>
    <subfield code="4">0</subfield>
    <subfield code="7">0</subfield>
    <subfield code="8">NFIC</subfield>
    <subfield code="a">NRR</subfield>
    <subfield code="b">NRR</subfield>
    <subfield code="d">2015-04-15</subfield>
    <subfield code="e">ABC/IN4457/13.12.2014/168/08.12.2014/30.12.2014</subfield>
    <subfield code="g">699.00</subfield>
    <subfield code="l">0</subfield>
    <subfield code="o">005.72 DUC</subfield>
    <subfield code="p">B-584951</subfield>
    <subfield code="r">2015-04-15 00:00:00</subfield>
    <subfield code="t">1</subfield>
    <subfield code="v">699.00</subfield>
    <subfield code="y">EN</subfield>
  </datafield>
  <datafield tag="952" ind1=" " ind2=" ">
    <subfield code="0">0</subfield>
    <subfield code="1">0</subfield>
    <subfield code="4">0</subfield>
    <subfield code="7">0</subfield>
    <subfield code="8">NFIC</subfield>
    <subfield code="a">NR</subfield>
    <subfield code="b">NR</subfield>
    <subfield code="d">2015-04-15</subfield>
    <subfield code="e">ABC/IN4457/13.12.2014/168/08.12.2014/30.12.2014</subfield>
    <subfield code="g">699.00</subfield>
    <subfield code="l">0</subfield>
    <subfield code="o">005.72 DUC</subfield>
    <subfield code="p">B-584952</subfield>
    <subfield code="r">2015-04-15 00:00:00</subfield>
    <subfield code="t">1</subfield>
    <subfield code="v">699.00</subfield>
    <subfield code="y">EN</subfield>
  </datafield>
  <datafield tag="952" ind1=" " ind2=" ">
    <subfield code="0">0</subfield>
    <subfield code="1">0</subfield>
    <subfield code="4">0</subfield>
    <subfield code="7">0</subfield>
    <subfield code="8">NFIC</subfield>
    <subfield code="a">BN</subfield>
    <subfield code="b">BN</subfield>
    <subfield code="d">2015-04-15</subfield>
    <subfield code="e">ABC/IN4457/13.12.2014/168/08.12.2014/30.12.2014</subfield>
    <subfield code="g">699.00</subfield>
    <subfield code="l">9</subfield>
    <subfield code="m">3</subfield>
    <subfield code="o">005.72 DUC</subfield>
    <subfield code="p">B-584953</subfield>
    <subfield code="r">2026-04-15 15:54:30</subfield>
    <subfield code="s">2026-04-10</subfield>
    <subfield code="t">1</subfield>
    <subfield code="v">699.00</subfield>
    <subfield code="y">EN</subfield>
  </datafield>
  <datafield tag="952" ind1=" " ind2=" ">
    <subfield code="0">0</subfield>
    <subfield code="1">0</subfield>
    <subfield code="4">0</subfield>
    <subfield code="7">0</subfield>
    <subfield code="8">NFIC</subfield>
    <subfield code="a">BL4</subfield>
    <subfield code="b">BL4</subfield>
    <subfield code="d">2015-04-15</subfield>
    <subfield code="e">ABC/IN4457/13.12.2014/168/08.12.2014/30.12.2014</subfield>
    <subfield code="g">699.00</subfield>
    <subfield code="l">36</subfield>
    <subfield code="m">24</subfield>
    <subfield code="o">005.72 DUC</subfield>
    <subfield code="p">B-584954</subfield>
    <subfield code="r">2025-05-17 00:00:00</subfield>
    <subfield code="s">2025-04-19</subfield>
    <subfield code="t">1</subfield>
    <subfield code="v">699.00</subfield>
    <subfield code="y">EN</subfield>
  </datafield>
</record>
